000 00530nam a22002297a 4500
003 UA-OsUOA
001 48984
007 ta
008 20070913b un ||||| |||| 00| 0 ukr d
100 _aГузій В.
090 _a908
_bГ93
942 _cBK
040 _aUA-OsUOA
_bukr
_cUA-OsUOA
_dUA-OsUOA
245 _aЗолота очеретина
300 _a387 с.
955 _a2
041 _aukr
080 _a908
260 _aБроварі
_c1997
650 7 _a908 Краєзнавство
_2UDC
999 _c335102
_d335102